000 00452nam a2200193 a 4500
001 1758091731260
003 ACL
005 20250917122059.0
008 250917s2004##################000#0#eng##
020 _a9781844570218
082 0 4 _a791.4575
_bGRE
100 1 _aCreeber, Glen,
_eauthor.
245 1 0 _aSerial Television :
260 _c2004.
300 _a200 pages
650 0 _aPerforming Arts.
942 _cENGLISH
040 _aACL
_beng
_cACL
999 _c587625
_d587625